| 000 | 00525nam a2200181Ia 4500 | ||
|---|---|---|---|
| 999 |
_c29074 _d29074 |
||
| 003 | OSt | ||
| 005 | 20201229130535.0 | ||
| 008 | 190216s9999||||xx |||||||||||||| ||und|| | ||
| 020 | _a9788171308116 | ||
| 040 | _coclc | ||
| 082 |
_a894.812301 _bPAR/B |
||
| 100 |
_aParameswaran, Evoor _97945 |
||
| 245 | 0 |
_aBharatheeya Nadodikkathakal / _cEvoor Parameswaran |
|
| 260 |
_bDc Books, _aKottayam: _c2007. |
||
| 300 | _a226p | ||
| 650 | _aKathakal | ||
| 942 |
_cBK _2ddc _h894.812301 _iPAR/B _k894.812301 _mPAR/B |
||